15 pays les plus petits (hors îles) - Statistiques

Statistiques générales
  • Ce quiz a été pris 276 fois
  • Le résultat moyen est 10 sur 15
Statistiques - réponses
Superficie Pays % Correct
0,44 km² Vatican
97%
468 km² Andorre
94%
61 km² Saint-Marin
94%
1,98 km² Monaco
93%
160 km² Liechtenstein
90%
2 586 km² Luxembourg
83%
11 637 km² Qatar
67%
5 765 km² Brunei
62%
17 363 km² Eswatini
59%
778 km² Bahreïn
57%
10 887 km² Kosovo
57%
14 919 km² Timor Oriental
50%
13 888 km² Monténégro
48%
10 452 km² Liban
45%
11 295 km² Gambie
44%
Aucun quiz correspondant
Distribution des résultats
% des personnes avec chaque résultat
Percentile par nombre de réponses
Votre historique - résultats
Vous n’avez pas pris ce quiz